Γεώργιος Μανιάκης : κατακτήσεις και υπονόμευση στο Βυζάντιο του ενδέκατου αιώνα (1030-1043 μ.Χ.)
Αποθηκεύτηκε σε:
| Κύριος συγγραφέας: | |
|---|---|
| Μορφή: | Βιβλίο |
| Γλώσσα: | Greek |
| Δημοσίευση: |
Αθήνα :
Περίπλους,
2004
|
| Σειρά: | Σελίδες της ιστορίας
|
| Θέματα: | |
| Ετικέτες: |
Προσθήκη ετικέτας
Δεν υπάρχουν, Καταχωρήστε ετικέτα πρώτοι!
|
MARC
| LEADER | 00000cam a2200000 i 4500 | ||
|---|---|---|---|
| 001 | 1/56365 | ||
| 008 | 040528s2004 gre d | ||
| 020 | |a 960-8202-84-1 | ||
| 035 | |l 10073590 | ||
| 040 | |a GR-MY-UA |b gre |e aacr | ||
| 041 | 0 | |a gre | |
| 082 | 0 | |a 938.3 | |
| 100 | 1 | |a Σαββίδης, Αλέξης Γ. Κ., |d 1955- | |
| 245 | 1 | 0 | |a Γεώργιος Μανιάκης : |b κατακτήσεις και υπονόμευση στο Βυζάντιο του ενδέκατου αιώνα (1030-1043 μ.Χ.) / |c Αλέξιος Γ.Κ. Σαββίδης |
| 260 | |a Αθήνα : |b Περίπλους, |c 2004 | ||
| 300 | |a 94 σ. | ||
| 490 | 1 | |a Σελίδες της ιστορίας | |
| 504 | |a Περιέχει βιβλιογραφία | ||
| 651 | 0 | |a Byzantine Empire |x History. | |
| 651 | 0 | |a Byzantine Empire |x History |y 11th century. | |
| 830 | 0 | |a Σελίδες της ιστορίας | |
| 852 | |a INST |b RHODES |e 20040528 |h 938.3 ΣΑΒ |p 005400018951 |q 005400018951 |t BK |y 0 | ||
| 901 | |a BIBL4-2004-2 | ||
| 909 | |a Ρ |b 109564 | ||
| 970 | |a ΚΟΥΛΑΚΙΟΤΗ |b ΛΙΤΣΑ |z 2004/05/28 | ||